Adolescents and parental stress: (Record no. 164211)

MARC details
000 -LEADER
fixed length control field 00636nam a2200193 4500
005 - DATE AND TIME OF LATEST TRANSACTION
control field 20190514124521.0
010 ## - LCCN (DPL NO)
LC control number ENG-125169
020 ## - INTERNATIONAL STANDARD BOOK NUMBER
International Standard Book Number 9788183876483
Terms of availability 495.00
035 ## - SYSTEM CONTROL NUMBER
System control number EN-108701
037 ## - SOURCE OF ACQUISITION
Source of stock number/acquisition DBAD/PUB
082 ## - DEWEY DECIMAL CLASSIFICATION NUMBER
Classification number 155.518
100 ## - MAIN ENTRY--PERSONAL NAME
Personal name Sindhya V.
245 ## - TITLE STATEMENT
Title Adolescents and parental stress:
Remainder of title an exploratory study/
Statement of responsibility, etc by Sindhya V.
260 ## - PUBLICATION, DISTRIBUTION, ETC. (IMPRINT)
Place of publication, distribution, etc New Delhi
Name of publisher, distributor, etc Serials Publications
Date of publication, distribution, etc 2014
270 ## - ADDRESS
Address 4830/24, Prahlad Street, Ansari Road
City Daryaganj, New Delhi
Postal code 110002
Telephone number 23245225
Electronic mail address serials@sify.com
300 ## - PHYSICAL DESCRIPTION
Extent viii,90p.
Dimensions 22cm(Hb)
500 ## - GENERAL NOTE
General note Includes references
942 ## - ADDED ENTRY ELEMENTS (KOHA)
Source of classification or shelving scheme Dewey Decimal Classification
Item type English Books
Classification part 155.518
Call number suffix SIN
Holdings
Withdrawn status Lost status Not for loan Collection code Home library Current library Date acquired Source of acquisition Cost, normal purchase price Full call number Barcode Copy number Cost, replacement price Koha item type
    Not For Loan Non-fiction D.B.Act.Division Central Library 14/05/2019 DBAD/PUB 795.00 953.054 PRA EN-108701 1 795.00 English Books

© Delhi Public Library
Hit Counter
free hit counter